00346 a2200133 450000100060000008200150000610000400002124500560006125000060011726000310012330000110015450000160016560000310018166476 a629.83 PHI aPhillips, Charles L; Royce D Harbor aFeedback Control System, 3rd EdcCharles L Phillips a3 aU S AbPrentice Hallc1993 a683 p. aBE textbook aHarbor RoyceaHarbor Royce